Análisis del reglamento de evaluación y orientación académica: "a propósito de la excelencia académica"

में बचाया:
ग्रंथसूची विवरण
निगमित लेखक: Federación de Estudiantes de la Universidad de Costa Rica
स्वरूप: मूलपाठ
प्रकाशित: San Pedro: FEUCR
टैग: टैग जोड़ें
कोई टैग नहीं, इस रिकॉर्ड को टैग करने वाले पहले व्यक्ति बनें!

MARC

LEADER 00000 a a2200000 04500
001 14668
003
040
090 |a 021900  
110 |a Federación de Estudiantes de la Universidad de Costa Rica  
245 |a Análisis del reglamento de evaluación y orientación académica: "a propósito de la excelencia académica"  
260 |a San Pedro:   |b FEUCR  
300 |a 8 p.  
999 |c 10747  |d 10747